000 00953nam a2200253Ia 4500
003 OSt
005 20220923212731.0
006 a|||||r|||| 00| 0
007 ta
008 220922b |||||||| |||| 00| 0 hin d
024 _a155,680
037 _cTextual
040 _aARTS
_cARTS
_bhin
041 _2hin
_ahin
082 _aO1520v6,2:g, K6
100 _aउपाध्याय, रणधीर
245 0 _aहिन्दी और गुजराती नाटय साहित्य का तुलनात्मक अध्ययन
246 _aHindī aur gujarātī nāṭaya sāhitya kā tulanātmak adhyayana
260 _aदिल्ली
_b नेशनल पब्लि हाउस
_c1966
300 _a344 पृ.
_ccm.
650 _aहिन्दी साहित्य
_9156264
942 _hO1520v6,2:g, K6
_cTEXL
_2CC
999 _c311148
_d311148